| 000 | 01422nab a2200205 i 4500 | ||
|---|---|---|---|
| 001 | 768714001 | ||
| 003 | CO-MdFUSB | ||
| 005 | 20240506110932.0 | ||
| 008 | 240502t1966 sp ||||| |||| 00| 0 spa d | ||
| 040 |
_bspa _cCO-MdFUSB _dCO-MdFUSB |
||
| 041 | _aspa | ||
| 100 | 1 |
_aCongar, Yves, _d1904-1995 _eautor |
|
| 245 |
_aCristo en la economía salvífica y en nuestros tratados dogmáticos _c/ Yves Congar |
||
| 520 | _aEste es el momento de gran producción teológica. Esto se debe principalmente a la prevalencia del tipo y de los niveles universitarios en varios lugares. Estas instituciones exigen que se vaya más allá de una silenciosa repetición de tesis clásicas y a considerar lo que otras disciplinas, tienen que decir sobre esas mismas tesis. En cuanto a la cristología, deberá asumir como hizo santo Tomás, pero con los recursos que proporcionan tantos excelentes estudios bíblicos o litúrgicos no sólo la visión cosmológica de las Cartas de la Cautividad (Teilhard de Chardin), sino también una teología de los misterios de la vida y la pascua de Cristo, centro de toda la Economía. | ||
| 650 | 7 |
_aTeología dogmática _96937 |
|
| 650 | 7 |
_aCristología _9239 |
|
| 773 | 0 |
_049450 _982569 _oR2501 _tRevista internacional de teología Concilium _w(CO-MdFUSB)8 _x0210-1041 _gNúmero 11, (enero, 1966), páginas: 5 - 28 _qpágina: 5 |
|
| 942 | _cANA | ||
| 945 | _aCatherine Arias Álvarez practicante SENA | ||
| 999 |
_c69476 _d69476 |
||